000 00692nam a2200265Ia 4500
001 18966
005 20240113235909.0
007 ta
008 060128s1974 g b000 u asm u
020 _cPB
040 _aCotton College,Assam
041 _aasm
082 _a807
_bG 669 Sa
100 _aGoswami, Prafulladutta .
245 0 _aSahitya Aru Jiban /
_cPrafulladutta Goswami.
_hTextual Documents
250 _a3rd ed. /
260 _aGuwahati :
_bService Book Sellers ,
_c1974.
300 _a311p. ;
_c23cm.
653 _aAssamese Literature
653 _aLiterature-Assamese
653 _aG-English
942 _2ddc
_cBK
999 _c18948
_d18948